17+ Letter Vocabulary (Medium) Quiz Stats

 Plays Quiz Updated May 19, 2018

Challenge
Share
Tweet
Embed
Score 0/25 Timer 10:00
9 Plays Today
% Correct
cardiorespiratory
91.3%
antivaccinationist
90.4%
superconductivity
89.2%
knuckleheadedness
88.4%
telecommunications
88.1%
pseudointellectual
88%
insurmountability
87.9%
indistinguishable
87.2%
straightforwardness
87.1%
interdenominational
85.8%
counterrevolutionary
85.3%
interconnectedness
85.1%
counterproductive
83.9%
% Correct
disenfranchisement
83.7%
misinterpretation
83.2%
interdisciplinary
82.3%
multidimensionality
81.5%
anachronistically
79.3%
uncharacteristically
79.2%
mischaracterization
78.3%
contemporaneously
77.6%
idiosyncratically
76.2%
coinstantaneously
74.6%
oversimplification
68.4%
overspecialization
67.7%

You're not logged in!

Compare scores with friends on all Sporcle quizzes.
Join for Free
OR
Log In

You Might Also Like...

Show Comments

Extras

Top Quizzes Today


Score Distribution

Your Account Isn't Verified!

In order to create a playlist on Sporcle, you need to verify the email address you used during registration. Go to your Sporcle Settings to finish the process.

Report this User

Report this user for behavior that violates our Community Guidelines.

Details: